What do home businesses mean for landlords (Record no. 84749)
[ view plain ]
| 000 -LEADER | |
|---|---|
| fixed length control field | 00941cab a22002295a 4500 |
| 001 - CONTROL NUMBER | |
| control field | L158967 |
| 008 - FIXED-LENGTH DATA ELEMENTS--GENERAL INFORMATION | |
| fixed length control field | 151106e2015 xxk 000 0 eng d |
| 035 ## - SYSTEM CONTROL NUMBER | |
| System control number | (Sirsi) u158967 |
| 041 0# - LANGUAGE CODE | |
| Language code of text/sound track or separate title | eng |
| 100 1# - MAIN ENTRY--PERSONAL NAME | |
| Personal name | Dwomoh, Elizabeth |
| 245 00 - TITLE STATEMENT | |
| Title | What do home businesses mean for landlords |
| 260 ## - PUBLICATION, DISTRIBUTION, ETC. | |
| Date of publication, distribution, etc. | 2015 |
| 490 ## - SERIES STATEMENT | |
| Series statement | Solicitors Journals Property Focus |
| Volume/sequential designation | October 2015, 15(1) |
| 520 ## - SUMMARY, ETC. | |
| Summary, etc. | Analyses the effect of the Small Business Enterprise and Employment Act 2015 on business tenancy renewal protection. Considers potential conflicts of the 2015 Act and the Landlord and Tenant Act 1954 Part 2 for landlord when tenants are operating business from their places of residence. |
| 590 ## - LOCAL NOTE (RLIN) | |
| Local note | KA |
| 650 24 - SUBJECT ADDED ENTRY--TOPICAL TERM | |
| Topical term or geographic name entry element | SMALL BUSINESS, ENTERPRISE AND EMPLOYMENT ACT 2015 |
| 650 24 - SUBJECT ADDED ENTRY--TOPICAL TERM | |
| Topical term or geographic name entry element | LANDLORD AND TENANT ACT 1954 PART 11 |
| 651 #4 - SUBJECT ADDED ENTRY--GEOGRAPHIC NAME | |
| Geographic name | England and Wales |
| Chronological subdivision | 1543- |
| 690 ## - LOCAL SUBJECT ADDED ENTRY--TOPICAL TERM (OCLC, RLIN) | |
| Topical term or geographic name as entry element | Landlord and tenant |
| 9 (RLIN) | 6252 |
| 700 1# - ADDED ENTRY--PERSONAL NAME | |
| Personal name | Hayes, Richard |
| 942 ## - ADDED ENTRY ELEMENTS (KOHA) | |
| Suppress in OPAC | 0 |
| Withdrawn status | Lost status | Source of classification or shelving scheme | Damaged status | Not for loan | Home library | Current library | Shelving location | Date acquired | Total Checkouts | Full call number | Barcode | Date last seen | Copy number | Price effective from | Koha item type |
|---|---|---|---|---|---|---|---|---|---|---|---|---|---|---|---|
| Dewey Decimal Classification | London | London | Journals | 06/11/2015 | L158967 | 158967-1001 | 06/08/2019 | 1 | 06/08/2019 | Journal article |